Slovenian-Yugoslav 1960s Music Quiz: Name the Artist - Statistics

General Stats
  • This quiz has been taken 4 times
  • The average score is 13 of 30
Answer Stats
Song Release Date Artist % Correct
Moj črni konj 1965 Rafko Irgolič
100%
Otoček sredi jezera 1968 Ansambel Bratov Avsenik
75%
Na vrhu nebotičnika (Mala terasa) 1969 Bele Vrane
75%
Poletna noč 1964 Marjana Deržaj
75%
Cigančkova violina* 1968 Oto Pestner
75%
Kadar' pa mim' hiš'ce grem 1965 Ansambel Lojzeta Slaka
50%
Stara domačija* 1968 Ansambel Toneta Kmetca
50%
Tam, kjer sem doma 1968 Edvin Fliser
50%
Kdo si, ne vem 1968 Elda Viler
50%
Zaprla sem vsa okna* 1964 Irena Kohont
50%
Prodajalka vijolic* 1964 Ivanka Kraševec
50%
Potraži me u predgrađu 1967 Lado Leskovar
50%
Sulamit 1962 Majda Sepe
50%
Nocoj pa, oh nocoj* 1962 Slovenski Oktet
50%
Rekel mi je 1965 Stanka Kovačič
50%
Čreda v galopu 1967 Trio Franca Delčnjaka
50%
Pet parov cokel 1968 Veseli Planšarji
50%
S kitaro in dolgimi lasmi 1966 Alenka Pinterič
25%
Luči Ljubljane 1965 Berta Ambrož
25%
Tri korake v modro 1969 Braco Koren
25%
Ljubi, ljubi, ljubi 1969 Eva Sršen
25%
Tuj obraz 1962 Jelka Cvetežar
25%
Španske oči* 1967 Jožica Svete
25%
Sjaj izgubljene ljubavi 1967 Kameleoni
25%
Orion 1963 Katja Levstik
25%
Angelček* 1968 Koroški Akademski Oktet
25%
Prava hiša na luni 1967 Lidija Kodrič
25%
Poljubi me in pojdi 1969 Mladi Levi
25%
Mornar Mackie 1962 Optimisti
25%
Ne krivite mladoga vojnika 1968 Tatjana Gros
25%
No matching quizzes found
Score Distribution
Percent of People with Each Score
Percentile by Number Answered
Your Score History
You have not taken this quiz